Nové kritériá hodnotenia výkonnosti podniku diplomová práca

Enregistré dans:
Détails bibliographiques
Auteur principal: Tomková, Katarína
Collectivité auteur: Podnikovohospodárska fakulta EU so sídlom v Košiciach. Katedra účtovníctva a financií
Autres auteurs: Freňáková, Magdaléna, 1981-
Format: Livre
Langue:slovaque
Publié: Košice 2011
Tags: Ajouter un tag
Pas de tags, Soyez le premier à ajouter un tag!

MARC

LEADER 00000nbm a2200000 4500
001 0138990
005 20191204105702.8
041 0 |a slo 
044 |a SK 
245 1 0 |a Nové kritériá hodnotenia výkonnosti podniku  |b diplomová práca  |c Katarína Tomková ; školiteľ: Magdaléna Freňáková 
264 1 |a Košice  |c 2011 
300 |a 74 s. 
100 1 |a Tomková, Katarína 
700 1 |a Freňáková, Magdaléna, 1981- 
710 2 |a Podnikovohospodárska fakulta EU so sídlom v Košiciach. Katedra účtovníctva a financií